LIBRARY & INFORMATION CENTRE, KCAET, TAVANUR

ONLINE PUBLIC ACCESS CATALOGUE (OPAC)

Text book of Geology / (Record no. 1556)

MARC details
000 -LEADER
fixed length control field 00484cam a2200181ua 4500
020 ## - INTERNATIONAL STANDARD BOOK NUMBER
ISBN 81-239-0013-9
041 ## - LANGUAGE CODE
Language code of text/sound track or separate title eng
082 ## - DEWEY DECIMAL CLASSIFICATION NUMBER
Classification number 551.01
Item number GIR/TE
100 ## - MAIN ENTRY--AUTHOR NAME
Personal name Girijabhushan, Mahapatra .
245 ## - TITLE STATEMENT
Title Text book of Geology /
250 ## - EDITION STATEMENT
Edition statement 1 /
260 ## - PUBLICATION, DISTRIBUTION, ETC. (IMPRINT)
Place of publication New Delhi :
Name of publisher C B S Publishers & Distributers ,
Year of publication 2001.
300 ## - PHYSICAL DESCRIPTION
Number of Pages 366 ; .
942 ## - ADDED ENTRY ELEMENTS (KOHA)
Koha item type Books
Holdings
Withdrawn status Lost status Damaged status Home library Current library Date acquired Full call number Accession Number Koha item type
      KAUAET KAUAET 07/04/2012 551.01 GIR/TE 20589 Books
free website counter